| Tag |
First Indicator |
Second Indicator |
Subfields |
| LEADER |
00000cam a22000008a 4500 |
| 001 |
in00004460430 |
| 005 |
20210818135000.0 |
| 008 |
830630s1984 paua 00110 eng d |
| 010 |
|
|
|a 83012717
|
| 020 |
|
|
|a 0471868264
|
| 035 |
|
|
|a (OCoLC)09684604
|
| 035 |
|
|
|9 AAB7220MS
|
| 035 |
|
|
|z (UtOrBLW)6162
|
| 035 |
|
|
|a 9568
|
| 039 |
0 |
|
|a 2
|b 3
|c 3
|d 3
|e 2
|
| 040 |
|
|
|a NLM
|c NLM
|d TMV
|d UtOrBLW
|
| 049 |
|
|
|a TMVM
|c 1
|
| 059 |
|
|
|l MS/BOOK STKS
|v 7
|y 1
|z 4
|t BOOK
|k CIRCULATING
|i 323890024422$
|n NL
|a QS 518
|b J67h 1984
|
| 060 |
|
4 |
|a QS 518
|b J67h 1984
|
| 100 |
1 |
|
|a Johnson, Kurt E.
|
| 245 |
1 |
0 |
|a Histology and embryology /
|c Kurt E. Johnson.
|
| 264 |
|
1 |
|a Media, Pa. :
|b Harwal,
|c [1984]
|
| 264 |
|
4 |
|c ©1984
|
| 300 |
|
|
|a xiii, 297 pages :
|b illustrations ;
|c 26 cm.
|
| 336 |
|
|
|a text
|2 rdacontent
|b txt
|
| 337 |
|
|
|a unmediated
|2 rdamedia
|
| 338 |
|
|
|a volume
|2 rdacarrier
|b nc
|
| 500 |
|
|
|a Includes index.
|
| 650 |
|
2 |
|a Embryology
|v Examination Questions.
|
| 650 |
|
2 |
|a Histology
|v Examination Questions.
|
| 940 |
|
|
|a copy plain
|
| 999 |
|
|
|a MARS
|
| 999 |
f |
f |
|s d9a781e9-41db-36d9-8758-c03dc287ea86
|i 22bbb268-ff32-3736-96c5-f39b5219b272
|t 0
|
| 952 |
f |
f |
|p ric
|a Texas A&M University
|b Rellis Campus
|c Joint Library Facility
|d Remote Storage
|t 0
|e QS 518 J67h 1984
|h National Library of Medicine classification
|i unmediated -- volume
|m 323890024422$
|
| 998 |
f |
f |
|a QS 518 J67h 1984
|t 0
|l Remote Storage
|